Statistics for History: What Came First? #2

Click here to take the quiz!

General Stats

  • This quiz has been taken 47,328 times
  • The average score is 12 of 16

Answer Stats

QuestionAnswer% Correct
The Telephone or the TelescopeTelescope
96%
The French Revolution or the Russian RevolutionFrench Revolution
92%
The Saxophone or the ViolinViolin
92%
Steel or WineWine
87%
Mexico City or Washington D.C.Mexico City
86%
Bicycles or University of OxfordUniversity of Oxford
83%
Lenin or MarxMarx
80%
The Beatles or ElvisElvis
78%
Disneyland or Disney WorldDisneyland
71%
Sharks or WhalesSharks
71%
Buddha or JesusBuddha
69%
Back to the Future or The Empire Strikes BackThe Empire Strikes Back
66%
Marinara Sauce or PastaPasta
65%
The Mona Lisa or the Venus de MiloVenus de Milo
65%
Bach or BeethovenBach
56%
The Roman Empire or the Roman RepublicRoman Republic
53%

Score Distribution

Percentile by Number Answered

Percent of People with Each Score

Your Score History

You have not taken this quiz